[Event "XV Torneo Internacional de Ajedrez CIUD"]
[Site "Albacete - ESPAÑA"]
[Date "2007.09.06"]
[Round "8.10"]
[White "Bolado Saez, S."]
[Black "Fernandez Barrera, V."]
[Result "0-1"]
[WhiteElo "2366"]
[BlackElo "2204"]
[PlyCount "86"]
[EventDate "2007.09.02"]

1. d4 Nf6 2. Nf3 g6 3. c4 Bg7 4. g3 O-O 5. Bg2 c6 6. O-O d5 7. cxd5 cxd5 8. Nc3
Ne4 9. Qb3 Nxc3 10. bxc3 Nc6 11. Nd2 e6 12. e4 Na5 13. Qc2 Qc7 14. Qd3 Rd8 15.
Re1 h6 16. e5 Bd7 17. Ba3 Rac8 18. Bb4 Nc4 19. Nf1 Bb5 20. a4 Ba6 21. Qb1 b6
22. h4 h5 23. Nh2 Bb7 24. g4 a5 25. Ba3 Nxa3 26. Rxa3 hxg4 27. Nxg4 Qe7 28. Rb3
Qxh4 29. Qd1 Bc6 30. Rxb6 Bxa4 31. Qxa4 Qxg4 32. Qxa5 Bh6 33. Rb2 Bf4 34. Rc2
Kg7 35. Qa1 Rh8 36. Qd1 Qg5 37. Qf3 Rh4 38. Kf1 Qf5 39. Ra2 Rb8 40. Rd1 Rb1 41.
Ke1 Rh2 42. Kf1 g5 43. Ra1 Rb2 0-1

[Event "XV Torneo Internacional de Ajedrez CIUD"]
[Site "Albacete - ESPAÑA"]
[Date "2007.09.06"]
[Round "8.11"]
[White "Garcia Molina, F."]
[Black "Granero Roca, A."]
[Result "0-1"]
[WhiteElo "2157"]
[BlackElo "2348"]
[PlyCount "70"]
[EventDate "2007.09.02"]

1. e4 c5 2. Nf3 Nc6 3. Nc3 g6 4. Bb5 Bg7 5. O-O Nf6 6. Re1 O-O 7. e5 Ne8 8. d3
Nc7 9. Bxc6 dxc6 10. h3 Ne6 11. Ne4 b6 12. b3 Nd4 13. Bb2 h6 14. a4 a5 15. Ng3
Be6 16. Nxd4 cxd4 17. f4 Qd7 18. Qe2 Rae8 19. Rf1 f5 20. Qd2 c5 21. h4 Bd5 22.
Rae1 e6 23. Bc1 Qe7 24. h5 Qh4 25. Qf2 gxh5 26. Ne4 Qxf2+ 27. Nxf2 Rf7 28. Bd2
Kh7 29. Nd1 Rg8 30. Re2 Bf8 31. Kh2 Rfg7 32. Rg1 Rg4 33. g3 h4 34. Be1 Be7 35.
Nb2 hxg3+ 0-1

[Event "XV Torneo Internacional de Ajedrez CIUD"]
[Site "Albacete - ESPAÑA"]
[Date "2007.09.06"]
[Round "8.12"]
[White "Serrano Marhuenda, S."]
[Black "Martinez Rodriguez, P."]
[Result "1-0"]
[WhiteElo "2134"]
[BlackElo "2304"]
[PlyCount "85"]
[EventDate "2007.09.02"]

1. e4 c6 2. d4 d5 3. Nc3 dxe4 4. Nxe4 Bf5 5. Ng3 Bg6 6. Nf3 Nd7 7. h4 h6 8. h5
Bh7 9. Bd3 Bxd3 10. Qxd3 e6 11. Bd2 Qc7 12. O-O-O Ngf6 13. Kb1 O-O-O 14. Ne4
Kb8 15. g3 Nxe4 16. Qxe4 Ka8 17. c4 Nf6 18. Qe2 c5 19. Bc3 cxd4 20. Nxd4 Bc5
21. Nb3 Bb6 22. g4 Rc8 23. Bxf6 gxf6 24. Rc1 Qe5 25. Qxe5 fxe5 26. c5 Bd8 27.
Rhe1 Bg5 28. Rcd1 Bf4 29. Rd7 f5 30. gxf5 exf5 31. Rg1 Bg5 32. Re1 Bf4 33. Rg1
Rhd8 34. Rf7 Rf8 35. Rgg7 Rxf7 36. Rxf7 a5 37. a4 Rd8 38. Kc2 Bg5 39. Rxf5 e4
40. Nxa5 Rd2+ 41. Kc3 Re2 42. Nc4 Ka7 43. Rf7 1-0

[Event "XV Torneo Internacional de Ajedrez CIUD"]
[Site "Albacete - ESPAÑA"]
[Date "2007.09.06"]
[Round "8.13"]
[White "Serna Lara, S."]
[Black "Morais, V."]
[Result "1-0"]
[WhiteElo "2270"]
[BlackElo "2101"]
[PlyCount "59"]
[EventDate "2007.09.02"]

1. d4 d5 2. c4 e6 3. Nc3 Nf6 4. cxd5 exd5 5. Bg5 c6 6. e3 Be7 7. Bd3 Nbd7 8.
Qc2 O-O 9. Nf3 Re8 10. h3 Nf8 11. O-O Ne4 12. Bf4 f5 13. Ne5 g6 14. f3 Nxc3 15.
bxc3 Bd6 16. Rae1 Be6 17. e4 fxe4 18. fxe4 dxe4 19. Bxe4 Rc8 20. Qf2 Be7 21.
Bg3 Nd7 22. Nf7 Qa5 23. Bxg6 Bc4 24. Nh6+ Kh8 25. Bxe8 Rxe8 26. Re5 Qxc3 27.
Rfe1 Rf8 28. Rf5 Bf6 29. Be5 Kg7 30. Rg5+ 1-0

[Event "XV Torneo Internacional de Ajedrez CIUD"]
[Site "Albacete - ESPAÑA"]
[Date "2007.09.06"]
[Round "8.15"]
[White "Cabello Rodriguez, S."]
[Black "Llavador Moron, J."]
[Result "0-1"]
[WhiteElo "2105"]
[BlackElo "2194"]
[PlyCount "72"]
[EventDate "2007.09.02"]

1. d4 Nf6 2. Bg5 e6 3. Nd2 d5 4. e3 Be7 5. Bd3 O-O 6. c3 c5 7. f4 b6 8. Qe2
Nbd7 9. Ngf3 Bb7 10. Ne5 Ne4 11. Bxe7 Qxe7 12. Nxe4 dxe4 13. Bc4 Nxe5 14. dxe5
Qh4+ 15. g3 Qe7 16. O-O Rad8 17. Rf2 Bd5 18. Raf1 Qb7 19. g4 Bxc4 20. Qxc4 Qd5
21. Qa4 Qd7 22. Qxe4 Qd3 23. Qf3 Rd5 24. Kg2 Rfd8 25. h4 b5 26. h5 b4 27. cxb4
cxb4 28. h6 gxh6 29. f5 exf5 30. gxf5 Kh8 31. Qf4 Rg8+ 32. Kh2 Rg5 33. Rc1 Rd8
34. Qf3 Rdg8 35. Rd1 Qb5 36. Rd5 Qxd5 0-1

[Event "XV Torneo Internacional de Ajedrez CIUD"]
[Site "Albacete - ESPAÑA"]
[Date "2007.09.06"]
[Round "8.16"]
[White "Sanchez Sanchez, A."]
[Black "Mena, A."]
[Result "1/2-1/2"]
[WhiteElo "2056"]
[BlackElo "2169"]
[PlyCount "29"]
[EventDate "2007.09.02"]

1. e4 c5 2. c3 Nf6 3. e5 Nd5 4. d4 e6 5. Nf3 cxd4 6. cxd4 d6 7. Nc3 Bd7 8. Nxd5
exd5 9. Bd3 Nc6 10. h3 dxe5 11. Nxe5 Bb4+ 12. Bd2 Bxd2+ 13. Qxd2 Nxe5 14. dxe5
O-O 15. O-O 1/2-1/2

[Event "XV Torneo Internacional de Ajedrez CIUD"]
[Site "Albacete - ESPAÑA"]
[Date "2007.09.06"]
[Round "8.17"]
[White "Saldano, H."]
[Black "Campayo Hernandez, J."]
[Result "1-0"]
[WhiteElo "2451"]
[BlackElo "2132"]
[PlyCount "37"]
[EventDate "2007.09.02"]

1. d4 d5 2. Nf3 c6 3. c4 e6 4. g3 Nf6 5. Nc3 Bd6 6. Bg2 Nbd7 7. O-O O-O 8. Nd2
Re8 9. e4 dxe4 10. Ndxe4 Be7 11. Bf4 Nxe4 12. Nxe4 Nf6 13. c5 Nxe4 14. Bxe4 e5
15. Bxe5 f6 16. Qh5 g6 17. Bxg6 hxg6 18. Qxg6+ Kf8 19. Bf4 1-0

[Event "XV Torneo Internacional de Ajedrez CIUD"]
[Site "Albacete - ESPAÑA"]
[Date "2007.09.06"]
[Round "8.18"]
[White "Munoz Fernandez, J."]
[Black "Valmana Canto, J."]
[Result "0-1"]
[WhiteElo "1938"]
[BlackElo "2346"]
[PlyCount "38"]
[EventDate "2007.09.02"]

1. d4 g6 2. c4 Bg7 3. Nc3 c5 4. d5 Bxc3+ 5. bxc3 f5 6. e4 fxe4 7. Qc2 Qa5 8.
Ne2 Nf6 9. Bg5 d6 10. h3 O-O 11. Bxf6 exf6 12. Qxe4 Bf5 13. Qf3 Nd7 14. g4 Ne5
15. Qg3 Be4 16. Bg2 Bxg2 17. Qxg2 Rae8 18. O-O Nxc4 19. Qf3 Nd2 0-1

[Event "XV Torneo Internacional de Ajedrez CIUD"]
[Site "Albacete - ESPAÑA"]
[Date "2007.09.06"]
[Round "8.19"]
[White "Garcia Romero, B."]
[Black "Garcia Gata, J."]
[Result "1-0"]
[WhiteElo "2258"]
[BlackElo "2110"]
[PlyCount "65"]
[EventDate "2007.09.02"]

1. d4 Nf6 2. Nf3 c5 3. d5 b5 4. Bg5 Ne4 5. Bf4 Bb7 6. Qd3 f5 7. Nbd2 c4 8. Qd4
Nf6 9. a4 bxa4 10. Be5 Qa5 11. Qxc4 Qxd5 12. Qxa4 Nc6 13. Bc3 e6 14. e3 Be7 15.
Bc4 Qc5 16. Nb3 Qb6 17. O-O O-O 18. Rfd1 d5 19. Be2 Ne4 20. Be1 f4 21. exf4
Rxf4 22. Qb5 Qxb5 23. Bxb5 Nb4 24. Nbd4 a5 25. Nxe6 Rf6 26. Ned4 Bc5 27. c3 Nc6
28. Bxc6 Bxc6 29. b4 axb4 30. Nxc6 Rxa1 31. Rxa1 Rxc6 32. cxb4 Bb6 33. Ra8+ 1-0

[Event "XV Torneo Internacional de Ajedrez CIUD"]
[Site "Albacete - ESPAÑA"]
[Date "2007.09.06"]
[Round "8.20"]
[White "Quidiello, R."]
[Black "Dura Olmos, G."]
[Result "0-1"]
[WhiteElo "2207"]
[BlackElo "2086"]
[PlyCount "40"]
[EventDate "2007.09.02"]

1. d4 Nf6 2. c4 g6 3. Nc3 Bg7 4. e4 d6 5. f3 O-O 6. Be3 c5 7. dxc5 dxc5 8. Qxd8
Rxd8 9. Bxc5 Nc6 10. Nd5 Nd7 11. Bxe7 Nxe7 12. Nxe7+ Kf8 13. Nd5 Bxb2 14. Rb1
Bg7 15. h4 Nc5 16. h5 b6 17. Nh3 Ba6 18. Nf2 Na4 19. Rb3 Nc5 20. Rb4 Rxd5 0-1

[Event "XV Torneo Internacional de Ajedrez CIUD"]
[Site "Albacete - ESPAÑA"]
[Date "2007.09.07"]
[Round "9.1"]
[White "Burmakin, V."]
[Black "Lazarev, V."]
[Result "1/2-1/2"]
[WhiteElo "2581"]
[BlackElo "2498"]
[PlyCount "21"]
[EventDate "2007.09.02"]

1. Nf3 Nf6 2. c4 e6 3. d4 b6 4. g3 Bb7 5. Bg2 Be7 6. O-O O-O 7. Nc3 Ne4 8. Nxe4
Bxe4 9. b3 d5 10. cxd5 Qxd5 11. Bb2 1/2-1/2

[Event "XV Torneo Internacional de Ajedrez CIUD"]
[Site "Albacete - ESPAÑA"]
[Date "2007.09.07"]
[Round "9.2"]
[White "Perez Mitjans, O."]
[Black "Minzer, C."]
[Result "1/2-1/2"]
[WhiteElo "2412"]
[BlackElo "2410"]
[PlyCount "67"]
[EventDate "2007.09.02"]

1. e4 c5 2. Nf3 Nc6 3. Bb5 e6 4. Bxc6 bxc6 5. d3 f6 6. Nh4 g6 7. f4 d6 8. O-O
Nh6 9. Nc3 e5 10. fxe5 fxe5 11. Qe1 Nf7 12. Qf2 Be6 13. Qg3 Be7 14. Nf3 Qd7 15.
Bd2 O-O 16. Rf2 Bf6 17. Raf1 Bg7 18. b3 Rae8 19. h3 Bh6 20. Bxh6 Nxh6 21. Ng5
Rxf2 22. Rxf2 Nf7 23. Nxf7 Bxf7 24. Nd1 Be6 25. Ne3 Rf8 26. Nf1 Rxf2 27. Qxf2
Qe7 28. Nd2 Qg5 29. Nf3 Qc1+ 30. Kh2 Kg7 31. c3 h6 32. d4 Qf4+ 33. Kg1 Qc1+ 34.
Kh2 1/2-1/2

[Event "XV Torneo Internacional de Ajedrez CIUD"]
[Site "Albacete - ESPAÑA"]
[Date "2007.09.07"]
[Round "9.4"]
[White "Movsziszian, K."]
[Black "Picazo Lopez, J."]
[Result "1-0"]
[WhiteElo "2534"]
[BlackElo "2198"]
[PlyCount "47"]
[EventDate "2007.09.02"]

1. e4 d5 2. exd5 Nf6 3. d4 Nxd5 4. c4 Nb6 5. Nc3 g6 6. c5 Nd5 7. Bc4 Nxc3 8.
Qf3 e6 9. bxc3 Bg7 10. Ne2 Nc6 11. h4 Qe7 12. Bg5 f6 13. Be3 e5 14. Bd5 Bd7 15.
Rb1 Rb8 16. O-O f5 17. dxe5 Nxe5 18. Qg3 c6 19. Bb3 Bf6 20. Bg5 Bxg5 21. hxg5
Qxc5 22. Rfe1 Kd8 23. Nd4 Re8 24. Ne6+ 1-0

[Event "XV Torneo Internacional de Ajedrez CIUD"]
[Site "Albacete - ESPAÑA"]
[Date "2007.09.07"]
[Round "9.5"]
[White "Granero Roca, A."]
[Black "Khamrakulov, I."]
[Result "1/2-1/2"]
[WhiteElo "2348"]
[BlackElo "2592"]
[PlyCount "45"]
[EventDate "2007.09.02"]

1. c4 Nf6 2. Nf3 e6 3. d4 b6 4. g3 Ba6 5. b3 b5 6. cxb5 Bxb5 7. Bg2 d5 8. O-O
Nbd7 9. Ba3 Bxa3 10. Nxa3 c6 11. Ne5 O-O 12. Nxd7 Nxd7 13. Qd2 Qb6 14. Nxb5
Qxb5 15. Rfc1 a5 16. e3 Rfc8 17. Rc2 Qb4 18. Rac1 Qxd2 19. Rxd2 f5 20. Rdc2 Nb8
21. Bf1 Rd8 22. a3 Kf7 23. b4 1/2-1/2

[Event "XV Torneo Internacional de Ajedrez CIUD"]
[Site "Albacete - ESPAÑA"]
[Date "2007.09.07"]
[Round "9.6"]
[White "Fernandez Barrera, V."]
[Black "Babaev, R."]
[Result "1/2-1/2"]
[WhiteElo "2204"]
[BlackElo "2488"]
[PlyCount "36"]
[EventDate "2007.09.02"]

1. e4 c5 2. Nf3 d6 3. d4 cxd4 4. Nxd4 Nf6 5. Nc3 Nc6 6. Bg5 e6 7. Qd2 Be7 8.
O-O-O O-O 9. f4 Qa5 10. Be2 Nxd4 11. Qxd4 e5 12. Qa4 Qxa4 13. Nxa4 exf4 14. Nc3
Be6 15. Bxf4 Rfd8 16. Bf3 Ng4 17. Nd5 Bxd5 18. exd5 Ne5 1/2-1/2

[Event "XV Torneo Internacional de Ajedrez CIUD"]
[Site "Albacete - ESPAÑA"]
[Date "2007.09.07"]
[Round "9.7"]
[White "Guliev, L."]
[Black "Serna Lara, S."]
[Result "1-0"]
[WhiteElo "2454"]
[BlackElo "2270"]
[PlyCount "95"]
[EventDate "2007.09.02"]

1. e4 e6 2. d4 d5 3. Nc3 Bb4 4. e5 c5 5. a3 Bxc3+ 6. bxc3 Nc6 7. Nf3 Bd7 8. a4
Qa5 9. Bd2 c4 10. Nh4 O-O-O 11. f4 f6 12. Be2 Nge7 13. O-O Ng6 14. Nf3 Rdf8 15.
Qc1 Rhg8 16. g3 Nh8 17. Qa3 Nf7 18. Rfb1 Ncd8 19. Bf1 f5 20. Kf2 h6 21. h4 g6
22. Be3 Re8 23. Ke2 Bc6 24. Kd2 Rg7 25. Be2 h5 26. Kd1 Nh6 27. Ng5 Ndf7 28. Nh3
Ng4 29. Bc1 Ngh6 30. Kd2 Nd8 31. Qa2 Ndf7 32. Ba3 Kb8 33. Bb4 Qc7 34. Bc5 Ka8
35. a5 Ng8 36. Rb6 a6 37. Qa3 Ne7 38. Rab1 Nc8 39. R6b2 Na7 40. Bxa7 Kxa7 41.
Qc5+ Ka8 42. Rxb7 Qxb7 43. Rb6 Nd8 44. Rxb7 Rxb7 45. Ng5 Bb5 46. Bf3 Nf7 47.
Nxe6 Kb8 48. Qxd5 1-0

[Event "XV Torneo Internacional de Ajedrez CIUD"]
[Site "Albacete - ESPAÑA"]
[Date "2007.09.07"]
[Round "9.8"]
[White "Llavador Moron, J."]
[Black "Pogorelov, R."]
[Result "1-0"]
[WhiteElo "2194"]
[BlackElo "2453"]
[PlyCount "147"]
[EventDate "2007.09.02"]

1. d4 Nf6 2. Bg5 e6 3. e4 h6 4. Bxf6 Qxf6 5. Nf3 g5 6. e5 Qe7 7. Nc3 Bg7 8. Bd3
d6 9. h3 dxe5 10. dxe5 Nd7 11. O-O Nxe5 12. Nxe5 Bxe5 13. Re1 Bxc3 14. bxc3 Qc5
15. Qf3 Ke7 16. Rab1 Qxc3 17. Re4 Qc6 18. Rbb4 a5 19. Rbc4 Qb6 20. Rcd4 Rf8 21.
Qh5 Bd7 22. Qxh6 Rg8 23. Qh7 Raf8 24. Bc4 Rg6 25. Rd3 Rf6 26. Rde3 Qc5 27. Bd3
Qf5 28. Qxf5 Rxf5 29. Rc4 Rb5 30. Rxc7 Rb1+ 31. Kh2 Kd6 32. Rc4 Bc6 33. Rd4+
Ke7 34. Re5 a4 35. Rxg5 Rb2 36. a3 Ra2 37. Bb5 Rxc2 38. Bxc6 bxc6 39. f3 Ra8
40. Rgg4 Rc3 41. Rxa4 Rxa3 42. Rac4 R3a6 43. h4 Rh8 44. Kg3 Rh5 45. Rg8 c5 46.
Rc8 Kd6 47. Rd8+ Kc6 48. Kg4 Rd5 49. Rf8 Kb5 50. Rc2 Ra4+ 51. f4 f5+ 52. Kg5
Ra3 53. Rb8+ Kc6 54. h5 Rg3+ 55. Kf6 Rd7 56. Rc8+ Kb7 57. R8xc5 Rh7 58. Kxe6
Rh6+ 59. Kxf5 Rxh5+ 60. Ke4 Rxg2 61. Rxh5 Rxc2 62. Rd5 Kc6 63. Rd1 Rc5 64. f5
Kc7 65. f6 Rc2 66. Kf5 Rf2+ 67. Ke6 Re2+ 68. Kf7 Rf2 69. Ke7 Re2+ 70. Kf8 Rf2
71. f7 Rg2 72. Rd4 Rg1 73. Ke7 Re1+ 74. Kf6 {....} 1-0

[Event "XV Torneo Internacional de Ajedrez CIUD"]
[Site "Albacete - ESPAÑA"]
[Date "2007.09.07"]
[Round "9.9"]
[White "Vassallo, M."]
[Black "Garcia Moreno, C."]
[Result "1-0"]
[WhiteElo "2387"]
[BlackElo "2118"]
[PlyCount "89"]
[EventDate "2007.09.02"]

1. Nf3 Nf6 2. g3 d5 3. Bg2 Bg4 4. c4 c6 5. O-O Nbd7 6. b3 e5 7. cxd5 cxd5 8. d4
Bxf3 9. exf3 Bd6 10. Nc3 O-O 11. Bb2 Qa5 12. a3 Rfd8 13. Re1 exd4 14. Ne2 d3
15. Nd4 Re8 16. Rxe8+ Rxe8 17. Qxd3 Re1+ 18. Rxe1 Qxe1+ 19. Bf1 Nc5 20. Qc2 Bf8
21. Nf5 Qe6 22. Bh3 Qc6 23. b4 Ncd7 24. Qd2 g6 25. Nd4 Qc4 26. Ne6 Be7 27. Nf4
Nb6 28. Qe3 Qc7 29. Bd4 Kf8 30. Bf1 Kg8 31. h4 Kf8 32. h5 Nfd7 33. hxg6 hxg6
34. a4 Bf6 35. a5 Nc4 36. Qc3 Bxd4 37. Qxd4 Nce5 38. Qxd5 Qc3 39. Qd6+ Ke8 40.
Be2 Nxf3+ 41. Bxf3 Qxf3 42. Nd5 Qe2 43. a6 Qe5 44. Qxe5+ Nxe5 45. axb7 1-0

[Event "XV Torneo Internacional de Ajedrez CIUD"]
[Site "Albacete - ESPAÑA"]
[Date "2007.09.07"]
[Round "9.10"]
[White "Guerra Bastida, D."]
[Black "Serrano Marhuenda, S."]
[Result "1-0"]
[WhiteElo "2370"]
[BlackElo "2134"]
[PlyCount "75"]
[EventDate "2007.09.02"]

1. c4 Nf6 2. Nc3 g6 3. g3 Bg7 4. Bg2 O-O 5. e3 e5 6. Nge2 d6 7. O-O Re8 8. d3
c6 9. e4 Nbd7 10. h3 h5 11. Bg5 Nf8 12. Qd2 Ne6 13. Be3 h4 14. g4 Nh7 15. f4
exf4 16. Nxf4 Nxf4 17. Bxf4 Be6 18. Kh1 Be5 19. Ne2 c5 20. Rab1 a5 21. Ng1 Rb8
22. a4 b6 23. b3 f6 24. Ne2 Bxf4 25. Rxf4 g5 26. Rf2 Rb7 27. d4 Rd7 28. Rbf1
Rf7 29. Nc3 Ref8 30. Qd3 Kg7 31. d5 Bc8 32. e5 dxe5 33. Be4 f5 34. Bxf5 Bxf5
35. Rxf5 Rxf5 36. Rxf5 Rxf5 37. Qxf5 Qf6 38. Ne4 1-0

[Event "XV Torneo Internacional de Ajedrez CIUD"]
[Site "Albacete - ESPAÑA"]
[Date "2007.09.07"]
[Round "9.11"]
[White "Suba, M."]
[Black "Khamrakulov, D."]
[Result "1/2-1/2"]
[WhiteElo "2525"]
[BlackElo "2322"]
[PlyCount "64"]
[EventDate "2007.09.02"]

1. Nf3 d5 2. c4 e6 3. g3 Nf6 4. Bg2 Be7 5. d4 c5 6. cxd5 exd5 7. O-O O-O 8. Nc3
Nc6 9. Bg5 Be6 10. dxc5 Bxc5 11. Bxf6 Qxf6 12. Nxd5 Qxb2 13. Nc7 Rad8 14. Qc1
Qxc1 15. Raxc1 Bb6 16. Nxe6 fxe6 17. Rc4 h6 18. Rb1 Rd6 19. Bh3 Rf6 20. Bg4 Nd4
21. Nxd4 Rxd4 22. Rxd4 Bxd4 23. e3 Bb6 24. Kg2 Kf8 25. a4 Ke8 26. Bf3 Rf5 27.
Bxb7 Rc5 28. Be4 Rc4 29. Bd3 Rc3 30. Rd1 Ke7 31. Kf3 Kf6 32. Bb5 Rc2 {....}
1/2-1/2

[Event "XV Torneo Internacional de Ajedrez CIUD"]
[Site "Albacete - ESPAÑA"]
[Date "2007.09.07"]
[Round "9.12"]
[White "Castellanos Rodriguez, R."]
[Black "Sanchez Jerez, E."]
[Result "1-0"]
[WhiteElo "2471"]
[BlackElo "2145"]
[PlyCount "88"]
[EventDate "2007.09.02"]

1. e4 e5 2. Nf3 Nc6 3. Bb5 a6 4. Ba4 Nf6 5. d3 b5 6. Bb3 Bc5 7. c3 O-O 8. Bg5
d6 9. Nbd2 h6 10. Bh4 Be6 11. Bd5 Bd7 12. Qc2 g5 13. Bxc6 Bxc6 14. Bg3 Bd7 15.
h4 g4 16. Nh2 Kh7 17. Ndf1 b4 18. c4 Rg8 19. O-O-O c6 20. Kb1 Qb6 21. f4 Bd4
22. fxe5 dxe5 23. Be1 Nh5 24. g3 Be6 25. Nd2 a5 26. Nb3 Bg1 27. Qg2 Be3 28. Nf1
a4 29. Nc1 Bc8 30. Qe2 Nf6 31. Bd2 Nh5 32. Rh2 Bd4 33. Rg2 a3 34. b3 f5 35.
exf5 Bxf5 36. Ne3 Be6 37. Nc2 Bf5 38. Ne3 Be6 39. Rf1 Qc5 40. Nc2 Raf8 41. Bxb4
Rxf1 42. Bxc5 Rxc1+ 43. Kxc1 Bb2+ 44. Kd2 Bf5 1-0

[Event "XV Torneo Internacional de Ajedrez CIUD"]
[Site "Albacete - ESPAÑA"]
[Date "2007.09.07"]
[Round "9.13"]
[White "Mena, A."]
[Black "Saldano, H."]
[Result "0-1"]
[WhiteElo "2169"]
[BlackElo "2451"]
[PlyCount "88"]
[EventDate "2007.09.02"]

1. d4 Nf6 2. c4 g6 3. Nc3 Bg7 4. Nf3 O-O 5. e4 d6 6. Be2 c5 7. d5 e5 8. dxe6
Bxe6 9. O-O Nc6 10. h3 Na5 11. Bf4 Ne8 12. Qa4 a6 13. Nd5 Bxd5 14. exd5 Bxb2
15. Rab1 Bg7 16. Bd2 b6 17. Bxa5 bxa5 18. Rb7 Nf6 19. Bd3 Nh5 20. Rfb1 Nf4 21.
Bf1 Bc3 22. g3 Nh5 23. Bg2 Qf6 24. Qd7 a4 25. R1b6 Rad8 26. Qxa4 Bd4 27. Kf1
Rfe8 28. Rd7 Qf5 29. Rxd8 Qd3+ 30. Kg1 Bxf2+ 31. Kh1 Rxd8 32. g4 Ng3+ 33. Kh2
Ne4 34. Qb3 Bg3+ 35. Kg1 Qe2 36. Rxa6 Qf2+ 37. Kh1 Re8 38. Qa4 Re7 39. Ra8+ Kg7
40. Re8 Qe3 41. Rxe7 Nf2+ 42. Kg1 Nxh3+ 43. Kh1 Qg1+ 44. Nxg1 Nf2# 0-1

[Event "XV Torneo Internacional de Ajedrez CIUD"]
[Site "Albacete - ESPAÑA"]
[Date "2007.09.07"]
[Round "9.15"]
[White "Valmana Canto, J."]
[Black "Garcia Romero, B."]
[Result "1-0"]
[WhiteElo "2346"]
[BlackElo "2258"]
[PlyCount "73"]
[EventDate "2007.09.02"]

1. e4 e6 2. d4 d5 3. Nc3 Nf6 4. e5 Nfd7 5. f4 c5 6. Nf3 Nc6 7. Be3 a6 8. Qd2
cxd4 9. Nxd4 Bc5 10. O-O-O O-O 11. Kb1 Nxd4 12. Bxd4 b5 13. Qe3 Qc7 14. Bd3 Bb7
15. Qh3 g6 16. Ne2 Rfc8 17. Qe3 b4 18. h4 a5 19. h5 Ba6 20. hxg6 fxg6 21. g4
Bf8 22. f5 Bxd3 23. cxd3 Qc2+ 24. Ka1 Nc5 25. Bxc5 Bxc5 26. d4 Bf8 27. fxg6
Qxg6 28. Nf4 Qe8 29. Nh5 Be7 30. Rdf1 Ra7 31. Rf6 Kh8 32. Rxe6 Qf7 33. Rh6 Rac7
34. e6 Qf8 35. Rxh7+ Kxh7 36. Nf6+ Kg6 37. Qd3+ 1-0

[Event "XV Torneo Internacional de Ajedrez CIUD"]
[Site "Albacete - ESPAÑA"]
[Date "2007.09.07"]
[Round "9.16"]
[White "Bolado Saez, S."]
[Black "Sanchez Sanchez, A."]
[Result "1-0"]
[WhiteElo "2366"]
[BlackElo "2056"]
[PlyCount "101"]
[EventDate "2007.09.02"]

1. e4 e5 2. Nf3 Nc6 3. Bb5 a6 4. Ba4 Nf6 5. O-O b5 6. Bb3 Be7 7. Re1 O-O 8. a4
Bb7 9. d3 d6 10. c3 Nb8 11. Nbd2 Nbd7 12. d4 h6 13. Bc2 Re8 14. Nf1 Bf8 15. Ng3
g6 16. b4 c5 17. bxc5 dxc5 18. Rb1 Qa5 19. h4 Rac8 20. h5 g5 21. axb5 axb5 22.
dxe5 Nxe5 23. Nxe5 Rxe5 24. f4 Rd8 25. Qf3 g4 26. Qe2 Ree8 27. Rxb5 Qxc3 28.
Rb3 Qd4+ 29. Be3 Qd7 30. e5 c4 31. Rbb1 Qc6 32. Rb6 Qxg2+ 33. Qxg2 Bxg2 34.
Rxf6 Bf3 35. Ba4 Re6 36. Rxe6 fxe6 37. Rc1 Rd3 38. Bf2 c3 39. Bb5 Ba3 40. Bxd3
Bxc1 41. Bd4 Bxf4 42. Kf2 Bd2 43. Ne4 Kf8 44. Nxc3 Bc6 45. Kg3 Bf3 46. Ne4 Be1+
47. Bf2 Bb4 48. Bc5+ Bxc5 49. Nxc5 Ke7 50. Bc4 Bd1 51. Bxe6 1-0

[Event "XV Torneo Internacional de Ajedrez CIUD"]
[Site "Albacete - ESPAÑA"]
[Date "2007.09.07"]
[Round "9.17"]
[White "Martinez Rodriguez, P."]
[Black "Pardo Simon, D."]
[Result "1/2-1/2"]
[WhiteElo "2304"]
[BlackElo "2080"]
[PlyCount "85"]
[EventDate "2007.09.02"]

1. d4 Nf6 2. Nf3 e6 3. Bg5 Be7 4. Nbd2 b6 5. e4 d6 6. Bd3 Bb7 7. O-O Nbd7 8. c3
c5 9. h3 cxd4 10. cxd4 O-O 11. Re1 e5 12. a4 a6 13. Nc4 exd4 14. Nxd4 d5 15.
exd5 Bxd5 16. Nf5 Bc5 17. Ncd6 Bxd6 18. Nxd6 Nc5 19. Bxf6 Qxf6 20. Bxh7+ Kxh7
21. Qxd5 Rad8 22. Qf5+ Qxf5 23. Nxf5 Rd2 24. b4 Nd3 25. Re4 Nxf2 26. Rf4 g6 27.
Rxf2 Rxf2 28. Kxf2 gxf5 29. Rc1 Rd8 30. Ke3 Re8+ 31. Kd3 Rd8+ 32. Kc3 Rg8 33.
Rc2 Rg3+ 34. Kc4 Ra3 35. Rf2 Kg6 36. Rd2 Rxa4 37. Rd6+ Kg5 38. Rxb6 a5 39. Kb3
Rxb4+ 40. Rxb4 axb4 41. Kxb4 Kf4 42. Kc4 Kg3 43. Kd4 1/2-1/2

[Event "XV Torneo Internacional de Ajedrez CIUD"]
[Site "Albacete - ESPAÑA"]
[Date "2007.09.07"]
[Round "9.18"]
[White "Jimenez Martinez, J."]
[Black "Jimenez Moreno, G."]
[Result "0-1"]
[WhiteElo "2207"]
[BlackElo "2014"]
[PlyCount "110"]
[EventDate "2007.09.02"]

1. d4 Nf6 2. c4 e6 3. Nc3 Bb4 4. Qc2 Nc6 5. Nf3 d6 6. e3 e5 7. d5 Bxc3+ 8. Qxc3
Ne7 9. Be2 a5 10. O-O Ne4 11. Qc2 Nc5 12. Nd2 O-O 13. b3 Ng6 14. Bb2 Qe7 15.
Qc3 f5 16. f3 f4 17. Ne4 Nxe4 18. fxe4 b6 19. Bh5 Qg5 20. Bxg6 Bh3 21. Qc2 Qxg6
22. Kh1 Bg4 23. exf4 exf4 24. Qc3 Rae8 25. h3 Be2 26. Rf2 Rxe4 27. Re1 Rfe8 28.
Bc1 f3 29. Kh2 Bd3 30. Rxe4 Bxe4 31. gxf3 Bf5 32. Rg2 Qf7 33. Bb2 Re7 34. Qd4
Bg6 35. Qh4 Qe8 36. Qf2 Qd7 37. Qd4 Qf5 38. Qh4 Qd7 39. Bd4 Qe8 40. Qf2 Bd3 41.
Bxg7 Rxg7 42. Rxg7+ Kxg7 43. Qg3+ Bg6 44. Qh4 Qe2+ 45. Kg1 Qxf3 46. Qe7+ Qf7
47. Qg5 h6 48. Qd8 Bd3 49. Qh4 Bg6 50. Qd8 Bd3 51. Qh4 Qf1+ 52. Kh2 Qe2+ 53.
Kg1 Qe3+ 54. Kh2 Qe5+ 55. Kh1 Qe4+ 0-1

[Event "XV Torneo Internacional de Ajedrez CIUD"]
[Site "Albacete - ESPAÑA"]
[Date "2007.09.07"]
[Round "9.19"]
[White "Espinosa Aranda, A."]
[Black "Garcia Roman, J."]
[Result "1-0"]
[WhiteElo "2184"]
[BlackElo "2005"]
[PlyCount "67"]
[EventDate "2007.09.02"]

1. e4 e5 2. Nf3 d6 3. d4 Qe7 4. Nc3 c6 5. Bc4 Be6 6. d5 Bd7 7. O-O c5 8. Ne1 g5
9. a4 h6 10. Rb1 Nf6 11. b4 b6 12. bxc5 dxc5 13. a5 Qd6 14. Nb5 Bxb5 15. Bxb5+
Nfd7 16. c4 Bg7 17. Nc2 Qg6 18. Qd3 O-O 19. Ne3 Rd8 20. Nf5 Bf8 21. Bb2 Bd6 22.
Qg3 Kh7 23. Rbd1 a6 24. Bc6 Ra7 25. axb6 Nxc6 26. dxc6 Nxb6 27. Nxd6 Raa8 28.
Qxe5 Rxd6 29. Rxd6 Nxc4 30. Rxg6 Nxe5 31. Bxe5 Kxg6 32. c7 f6 33. Rb1 fxe5 34.
Rb8 1-0

[Event "XV Torneo Internacional de Ajedrez CIUD"]
[Site "Albacete - ESPAÑA"]
[Date "2007.09.07"]
[Round "9.20"]
[White "Morais, V."]
[Black "Garcia Molina, F."]
[Result "1-0"]
[WhiteElo "2101"]
[BlackElo "2157"]
[PlyCount "63"]
[EventDate "2007.09.02"]

1. d4 e6 2. Nf3 f5 3. g3 Nf6 4. Bg2 d5 5. O-O Bd6 6. c4 c6 7. b3 Qe7 8. Bb2 O-O
9. e3 b6 10. Nc3 Bb7 11. Rc1 Nbd7 12. Ne2 Ne4 13. Nd2 e5 14. dxe5 Nxe5 15. cxd5
cxd5 16. Nf3 Ng4 17. Bd4 Rac8 18. h3 Ngf6 19. Qd3 g5 20. Rfd1 Rcd8 21. Rc2 h5
22. Rdc1 h4 23. gxh4 g4 24. Ng5 Nxg5 25. hxg5 Ne4 26. Nf4 Qxg5 27. hxg4 fxg4
28. Bxe4 dxe4 29. Qc4+ Kh7 30. Qe6 Rfe8 31. Rc7+ Re7 32. Rxe7+ 1-0